Statistics for Countries with Coronavirus

Click here to take the quiz!

General Stats

  • This quiz has been taken 14 times
  • The average score is 73 of 82

Answer Stats

ContinentCountry% Correct
AsiaAfghanistan
100%
EuropeAndorra
100%
South AmericaArgentina
100%
OceaniaAustralia
100%
North AmericaCanada
100%
South AmericaChile
100%
AsiaIndia
100%
AsiaIran
100%
EuropeItaly
100%
EuropeLuxembourg
100%
AfricaNigeria
100%
EuropeNorway
100%
AsiaPakistan
100%
Asia/ EuropeRussia
100%
AsiaSaudi Arabia
100%
EuropeSlovenia
100%
EuropeSpain
100%
EuropeSweden
100%
AfricaTunisia
100%
EuropeUnited Kingdom
100%
North AmericaUnited States of America
100%
AfricaAlgeria
92%
AsiaArmenia
92%
EuropeAustria
92%
AsiaAzerbaijan
92%
EuropeBelarus
92%
EuropeBelgium
92%
EuropeBosnia and Herzegovina
92%
South AmericaBrazil
92%
AsiaChina
92%
EuropeCroatia
92%
EuropeCzech Republic
92%
EuropeGermany
92%
EuropeGreece
92%
EuropeIceland
92%
AsiaIndonesia
92%
AsiaIraq
92%
EuropeIreland
92%
EuropeLithuania
92%
North AmericaMexico
92%
AfricaMorocco
92%
AsiaNepal
92%
OceaniaNew Zealand
92%
AsiaQatar
92%
EuropeRomania
92%
EuropeSan Marino
92%
AsiaSingapore
92%
AfricaSouth Africa
92%
AsiaTaiwan
92%
AsiaThailand
92%
EuropeUkraine
92%
AsiaVietnam
92%
AsiaBahrain
83%
AsiaBhutan
83%
AsiaCambodia
83%
EuropeDenmark
83%
South AmericaEcuador
83%
AfricaEgypt
83%
EuropeFinland
83%
AsiaIsrael
83%
AsiaJordan
83%
EuropeLatvia
83%
AsiaLebanon
83%
AsiaMalaysia
83%
EuropeMonaco
83%
AsiaOman
83%
EuropePoland
83%
EuropePortugal
83%
EuropeSerbia
83%
AsiaSouth Korea
83%
AsiaSri Lanka
83%
EuropeSwitzerland
83%
Europethe Netherlands
83%
AsiaUnited Arab Emirates
83%
EuropeEstonia
75%
EuropeFrance
75%
EuropeHungary
75%
AsiaKuwait
75%
Asiathe Philippines
75%
North AmericaDominican Republic
67%
EuropeNorth Macedonia
58%
AfricaSenegal
50%

Score Distribution

Percentile by Number Answered

Percent of People with Each Score

Your Score History

You have not taken this quiz